ÿ Cuáles son los cambios introducidos en el trabajo metodológico? (Record no. 65305)

MARC details
000 -CABECERA
campo de control de longitud fija 00602nam a2200217 a 4500
005 - FECHA Y HORA DE LA ÚLTIMA TRANSACCIÓN
campo de control 20210219152957.0
008 - ELEMENTOS DE LONGITUD FIJA--INFORMACIÓN GENERAL
campo de control de longitud fija 991125n 000 0 u
035 ## - NÚMERO DE CONTROL DEL SISTEMA
Número de control de sistema UPN01000070260
100 ## - ASIENTO PRINCIPAL--NOMBRE PERSONAL
Nombre de persona GARCIA OJEDA, Magaly
222 ## - TÍTULO CLAVE
Título clave EDUCACION
245 ## - MENCIÓN DE TÍTULO
Título ÿ Cuáles son los cambios introducidos en el trabajo metodológico?
260 ## - PUBLICACIÓN, DISTRIBUCIÓN, ETC.
Lugar de publicación, distribución, etc. CUBA
300 ## - DESCRIPCIÓN FÍSICA
Extensión 26-35
362 ## - FECHAS DE PUBLICACIÓN Y/O DESIGNACIÓN SECUENCIAL
Fecha de publicación y/o designación secuencial 1986 Año 16, no. 63 oct.-dic.
653 0# - TERMINO DE INDIZACION - NO CONTROLADO
Término no controlado APRENDIZAJE
653 0# - TERMINO DE INDIZACION - NO CONTROLADO
Término no controlado POLITICA EDUCATIVA
653 0# - TERMINO DE INDIZACION - NO CONTROLADO
Término no controlado PROCESO ENSEÑANZA-APRENDIZAJE
653 0# - TERMINO DE INDIZACION - NO CONTROLADO
Término no controlado REFORMA EDUCATIVA
904 ## - ELEMENTOS DE DATOS D LOCAL, LDD (RLIN)
a AC
b 008071
905 ## - TIPO DE MATERIAL
Tipo de material Articulo

No items available.